| 000 | 00507nam a22001697a 4500 | ||
|---|---|---|---|
| 005 | 20251108164055.0 | ||
| 008 | 250721s1986 xx 000 0 ara d | ||
| 082 | 1 | 4 | _a216,9/محم |
| 100 | 1 | _aشبير، محمد عثمان | |
| 245 | 1 | 0 | _aأحكام الخراج في الفقه الإسلامي / |
| 264 | 1 |
_aالكويت : _bدار الأرقم، _c1986. |
|
| 300 | _a173ص | ||
| 650 | 1 | 7 | _aالأحكام السلطانية |
| 650 | 1 | 7 | _aضريبة الأراضي |
| 942 |
_2ddc _cBK |
||
| 999 |
_c2921 _d2921 |
||